Phương pháp và giải 100 bài thi tuyển sinh đại học khảo sát hàm số (Đã thi từ năm 1993 đến năm 1999 - 2000) : Các vấn đề cơ bản về khảo sát hàm số; Mỗi một vấn đề kèm theo PP giải toán; Toán minh hoạ là các bài toán đã ra trong các kì thi từ năm 1993 đến năm 1999-2000 /

Wedi'i Gadw mewn:
Manylion Llyfryddiaeth
Prif Awdur: Trần Minh Quang.
Fformat: Sách giấy
Iaith:Vietnamese
Cyhoeddwyd: Tp. Hồ Chí Minh : Trẻ, 2000.
Pynciau:
Tagiau: Ychwanegu Tag
Dim Tagiau, Byddwch y cyntaf i dagio'r cofnod hwn!
Thư viện lưu trữ: Thư viện Trường Đại học Đà Lạt
LEADER 01023nam a2200301 4500
001 DLU090103068
005 ##20091229
040 # # |a DLU  |b vie 
041 # # |a vie 
044 # # |a vn 
082 # # |a 515.076  |b TR-Q 
100 # # |a Trần Minh Quang. 
245 # # |a Phương pháp và giải 100 bài thi tuyển sinh đại học khảo sát hàm số (Đã thi từ năm 1993 đến năm 1999 - 2000) :  |b Các vấn đề cơ bản về khảo sát hàm số; Mỗi một vấn đề kèm theo PP giải toán; Toán minh hoạ là các bài toán đã ra trong các kì thi từ năm 1993 đến năm 1999-2000 /  |c Trần Minh Quang. 
260 # # |a Tp. Hồ Chí Minh :  |b Trẻ,  |c 2000. 
300 # # |a 263 tr. ;  |c 21 cm. 
653 # # |a Khảo sát hàm số 
653 # # |a Sách bài tập 
923 # # |a 15/2009 
991 # # |a GT 
992 # # |a 16000 
994 # # |a DLU 
900 # # |a True 
911 # # |a Đào Thị Thu Huyền 
925 # # |a G 
926 # # |a A 
927 # # |a SH 
980 # # |a Thư viện Trường Đại học Đà Lạt